000 01529nam a22002777a 4500
003 DO-SdBNP
005 20240229073823.0
008 210820b ||||| |||| 00| 0 eng d
040 _aDO-SdBNP
_bspa
_cBNPHU
082 4 _a341.48
_bR426d
_222
110 _aRepública Dominicana.
_bSecretaría de Estado de Relaciones Exteriores,
_92256
245 1 0 _aDerechos humanos :
_brecopilación de tratados, leyes, decretos, reglamentos y resoluciones vigentes en la República Dominicana /
_cprólogo, Jorge A. Subero Isa ; edición, Ana E. Martínez.
250 _a2a. ed.
260 _aSanto Domingo :
_bSecretaría de Estado de Relaciones Exteriores,
_c2000.
300 _a870 p. ;
_c23 cm.
500 _aIncluye índice cronológico.
504 _aIncluye refencias bibliográficas y notas al pie de páginas.
505 _aOrganización de las Naciones Unidas -ONU- 19|Organización de los Estados Americanos -OEA- 239|Organización Internacional del Trabajo -OIT- 387|Constitución de la República Dominicana 485|Materia judicial 493|Viviendas y reforma agraria 567|Seguro social, pensiones y jubilaciones 599|Trabajo 637|Menores 711|Educación 733|Varios 805
590 _aInventariado, 2021 / DG
650 4 _aDerechos humanos
_xLegislación
_zRepública Dominicana
_967937
650 4 _aDerechos civiles
_xLegislación
_zRepública Dominicana
_967938
700 1 _aSubero Isa, Jorge A.,
_d1947-
_epról.
_976863
700 _aMartínez, Ana E.,
_eed.
_92505
910 _aVlidado control de calidad MFF
942 _2ddc
_cLBS1
999 _c50230
_d50230